000 00877nam a2200205 i 4500
001 190492
003 ES-MaACL
005 20230906223746.0
008 210419s2006 sp a 000 0 spa d
100 1 _aMartín Rojas, J.
_9171334
245 1 0 _aJ. Martín Rojas:
_b[exposición] del 27 de marzo al 12 de abril de 2006, Sala de Exposiciones del Palacio de Congresos Joan Miró de Madrid /
_c[textos, Joan Lluís Montané, Riccardo Saldarelli, Gabriella Bairo Puccetti ... (et al.)].
260 _aMadrid :
_bPalacio de Congresos de Madrid,
_c[2006]
300 _a38 p. :
_bprincipalmente il. col. ;
_c21 x 22 cm.
600 1 4 _aMartín Rojas, J-
_vExposiciones.
_9171335
655 7 _2tgfbne
_9193628
_aCatálogos de exposiciones
710 2 _aPalacio de Congresos de Madrid.
_9171333
852 4 _aES-MaACL
_j2342-F-2
942 _2udc
999 _c190492
_d190492